000 00549nam a22002297a 4500
003 UA-OsUOA
001 41197
007 ta
008 20060918b un ||||| |||| 00| 0 ukr d
100 _aJaroslaw Stolicki
090 _a94(438)
942 _cBK
040 _aUA-OsUOA
_bpol
_cUA-OsUOA
_dUA-OsUOA
245 _aEgzulanci podolscy (1672-1699)
300 _a157 с.
955 _a0
041 _apol
080 _a94(438)
260 _aWarsawa
650 7 _a9 Географія. Біографії. Історія
_2UDC
999 _c327343
_d327343